| 000 | 01281nam0a22003011 4500 | ||
|---|---|---|---|
| 001 | v19\rc\1391758 | ||
| 005 | 20250618093827.0 | ||
| 035 | _a(NLR Aleph) 004523843 | ||
| 090 |
_a4894080 _c4894080 |
||
| 100 | _a20060512e18671866|||y0rusy50 ca | ||
| 101 | 0 | _arus | |
| 102 | _aRU | ||
| 105 | _ay z ||||| | ||
| 200 | 1 |
_aPachymeningitis interna acuta infantum _f[Соч.] Д-ра М. Руднева |
|
| 210 |
_a[Санкт-Петербург] _dценз. 1867 |
||
| 215 |
_a8 с. _d22 |
||
| 309 | _aБез тит. л. и обл. | ||
| 311 | _aОтт. из "Протоколов заседаний О-ва рус. врачей в С.-Петербурге 1866-67". Протокол № 8 | ||
| 488 | 0 |
_12001#$aПротоколы заседаний Общества русских врачей в Санкт-Петербурге 1866-67$hПротокол № 8 _tПротоколы заседаний Общества русских врачей в Санкт-Петербурге 1866-67 |
|
| 700 | 1 |
_aРуднев _bМ.М. _f1837-1878 _gМихаил Матвеевич |
|
| 801 | 0 |
_aRU _bNLR _gpsbo |
|
| 801 | 0 |
_aRU _bRuMoRGB _2psbo |
|
| 801 | 1 |
_aRU _bProSoft-M _2rusmarc |
|
| 852 |
_aNLR _j18.125.2.297 |
||
| 899 |
_aRuMoRGB _jE 83/73 |
||
| 899 | _aБАН | ||
| 942 | _cBOOK | ||
| 980 | _aNB | ||